000
00211nam a22000857a 4500
008
170601b xxu||||| |||| 00| 0 eng d
100
_9
3173
_a
Nehemiah. A
245
_a
The Runaway Wheel
260
_a
New Delhi
_b
CBT
_c
2003
999
_c
6476
_d
6476